000 00751nam a22002297a 4500
999 _c17871
_d17871
003 AR-CdUCM
008 190510b ||||| |||| 00| 0 spa d
040 _aMUNICIPALIDAD PROVINCIAL DEL CUSCO
_cBIBLIOTECA MUNICIPAL DEL CUSCO
041 _heng
082 _a370 /
_bR6
100 _aRivlin, Harry Nathaniel y Schueler, Hebert
_938073
245 _aEnciclopedia de la educación moderna /
260 _aBuenos Aires :
_bed. Losada,
_c1946.
300 _a418 páginas ;
_c25 cm.
505 _aContenido: Diccionarios.
650 _aDiccionarios
_95105
650 _aEducación
_9460
650 _aEnciclopedia
_918075
700 _aLuzuriaga, Carlos y Luzuriaga, Lorenzo (traducción)
_938074
942 _2ddc
_cLIBROS
945 _adavv
_d2019-05-10